00429nam a2200121 i 4500001000300000100002400003245010400027260002100131040000800152041000800160008004100168856009800209bg1 aSZEWCZAK, Krzysztof 0aOrganizacja pracy w procesie zarządzania przedsiębiorstwem przemysłowym /cKrzysztof Szewczak. aWarszawa,c1979. cBPK apol s pl f |000 0 pol  uhttp://koha.tu.koszalin.pl/cgi-bin/koha/opac-detail.pl?biblionumber=21513yKatalog online BPK